Normal view
MARC view
Entry Personal Name
001 - CONTROL NUMBER
- control field: 45353
003 - CONTROL NUMBER IDENTIFIER
- control field: OSt
005 - DATE AND TIME OF LATEST TRANSACTION
- control field: 20230630120229.0
008 - FIXED-LENGTH DATA ELEMENTS
- fixed length control field: 230630|| aca||aabn | a|a d
040 ## - CATALOGING SOURCE
- Original cataloging agency: OSt
- Transcribing agency: OSt
100 ## - HEADING--PERSONAL NAME
- Personal name: Bernard M.Oliver(Editer)
670 ## - SOURCE DATA FOUND
- Source citation: Work cat.: (OSt)36506: Bernard M.Oliver(Editer), Electronic Measurements and Instrumentation, 2003
